Southville International School and Colleges
Your cart is empty.
  • Cart
  • Lists
    Public lists Eva Luna New books Lux_list list_1
    Your lists Log in to create your own lists
  • Log in to your account
  • Your cookies
  • Search history
Southville International School and Colleges
  • Advanced search
  • Recent comments
  • Most popular
  • Libraries

Log in to your account

Log in with GOOGLE


If you do not have an external account, but do have a local account, you can still log in:

  1. Home
  2. MARC view: A day in the life of Oscar the grouch. /
Normal view MARC view ISBD view

A day in the life of Oscar the grouch. / (Record no. 103065)

[ view plain ]
MARC details
000 -LEADER
fixed length control field 00627nam a2200193 a 4500
005 - DATE AND TIME OF LATEST TRANSACTION
control field 20140412111249.0
008 - FIXED-LENGTH DATA ELEMENTS--GENERAL INFORMATION
fixed length control field 020516s19uu xx 00 eng d
020 ## - INTERNATIONAL STANDARD BOOK NUMBER
International Standard Book Number 0-307-23138-0
050 ## - LIBRARY OF CONGRESS CALL NUMBER
Classification number M 372.4
Item number H831 1981
100 ## - MAIN ENTRY--PERSONAL NAME
Personal name Hayward, Linda
245 ## - TITLE STATEMENT
Title A day in the life of Oscar the grouch. /
Statement of responsibility, etc by Linda Hayward ; illustrated by Bill Davis.
260 ## - PUBLICATION, DISTRIBUTION, ETC. (IMPRINT)
Place of publication, distribution, etc [s.l.] :
Name of publisher, distributor, etc A Sesame Street/Golden Press Book,
Date of publication, distribution, etc 1981.
300 ## - PHYSICAL DESCRIPTION
Extent [24] p. ; ill.
440 ## - SERIES STATEMENT/ADDED ENTRY--TITLE
Title CTW/Sesame Street
500 ## - GENERAL NOTE
General note Featuring Jim Henson's Sesame Street Muppets
650 ## - SUBJECT ADDED ENTRY--TOPICAL TERM
Topical term or geographic name as entry element Time
General subdivision Fiction
650 ## - SUBJECT ADDED ENTRY--TOPICAL TERM
Topical term or geographic name as entry element Children stories
General subdivision Fiction
Holdings
Withdrawn status Lost status Damaged status Use restrictions Home library Current library Shelving location Date acquired Source of acquisition Total Checkouts Full call number Barcode Date last seen Price effective from Koha item type
        Elizalde Library Elizalde Library Main Section 05/16/2002     M 372.4 H831 1981 E3740 04/12/2014 04/12/2014 Books

A day in the life of Oscar the grouch. /

APA

Hayward L., . (1981). A day in the life of Oscar the grouch. [s.l.]: A Sesame Street/Golden Press Book.

Chicago

Hayward Linda, . 1981. A day in the life of Oscar the grouch. [s.l.]: A Sesame Street/Golden Press Book.

Harvard

Hayward L., . (1981). A day in the life of Oscar the grouch. [s.l.]: A Sesame Street/Golden Press Book.

MLA

Hayward Linda, . A day in the life of Oscar the grouch. [s.l.]: A Sesame Street/Golden Press Book. 1981.

  • Place hold
  • Print
  • Cite
  • Add to your cart (remove)
  • Save record
    BIBTEX Dublin Core MARCXML MARC (non-Unicode/MARC-8) MARC (Unicode/UTF-8) MARC (Unicode/UTF-8, Standard) MODS (XML) RIS
  • More searches
    Search for this title in:
    Other Libraries (WorldCat) Other Databases (Google Scholar) Online Stores (Bookfinder.com) Open Library (openlibrary.org)

Exporting to Dublin Core...

SOUTHVILLE LIBRARY

Southville International School and Colleges Library

1281 Tropical Ave. Cor. Luxembourg St., BF Homes International, Las Pinas City

Tel. No. 8256374 / 252358 Loc. 117/146

Powered by Koha